Impacts and influences : essays on media power in the twentieth century /

Bibliographic Details
Corporate Author: Acton Society Trust
Other Authors: Curran, James, Smith, Anthony, 1938-, Wingate, Pauline
Format: Book
Language:English
Published: London : New York : Methuen, 1987.
Subjects:

MARC

Tag First Indicator Second Indicator Subfields
LEADER 00000cam a2200000 a 4500
001 in00000014777
005 20151007052902.0
008 861007s1987 enk b 00100 eng
010 |a  86023813  
020 |a 0416006027 
020 |a 0416006124 (pbk.) 
035 |a (OCoLC)14518469 
035 |9 AAA9575AM 
040 |a DLC  |c DLC  |d TXA  |d UtOrBLW 
043 |a e-uk--- 
049 |a TXAM  |c [A11488755] 
050 0 0 |a P92.G7  |b I46 1987 
082 0 |a 302.2/34/0941  |2 19 
245 0 0 |a Impacts and influences :  |b essays on media power in the twentieth century /  |c edited by James Curran, Anthony Smith, and Pauline Wingate ; [sponsored by the Acton Society]. 
264 1 |a London :  |b New York :  |b Methuen,  |c 1987. 
300 |a ix, 348 pages ;  |c 24 cm. 
336 |a text  |b txt  |2 rdacontent 
337 |a unmediated  |b n  |2 rdamedia 
338 |a volume  |b nc  |2 rdacarrier 
504 |a Includes bibliographies and indexes. 
650 0 |a Mass media  |z Great Britain  |x History  |y 20th century. 
650 0 |a Mass media  |x Influence. 
650 0 |a Mass media  |x Social aspects  |z Great Britain  |x History  |y 20th century. 
700 1 |a Curran, James. 
700 1 |a Smith, Anthony,  |d 1938- 
700 1 |a Wingate, Pauline. 
710 2 |a Acton Society Trust. 
999 |a MARS 
999 f f |s 7ca9d328-077c-369e-89a1-9f49ef746e4e  |i b4b010d9-c828-367b-84ad-8d00fe36ecaf  |t 0 
952 f f |p ric  |a Texas A&M University  |b Rellis Campus  |c Joint Library Facility  |s JLF  |d Remote Storage  |t 0  |e P92.G7 I46 1987  |h Library of Congress classification  |i unmediated -- volume  |m A14811488755 
998 f f |a P92.G7 I46 1987  |t 0  |l Remote Storage